书目信息 |
| 题名: |
哲学笔记
|
|
| 作者: | 列宁 著 ;中共中央马恩列斯著作编译局 译 | |
| 分册: | 第一分册 | |
| 出版信息: | 北京 中共中央党校出版社 1990.04 |
|
| 页数: | 92页 | |
| 开本: | 26cm | |
| 丛书名: | ||
| 单 册: | ||
| 中图分类: | A224 | |
| 科图分类: | ||
| 主题词: | 列字著作--单行本--912年4月~1916年 | |
| 电子资源: | ||
| ISBN: | ||
| 000 | 00664nam0 2200181 45 | |
| 001 | 0181023587 | |
| 005 | 20060728171421.98 | |
| 100 | @a20810111d km y0chiy0120 ea | |
| 101 | 0 | @achi |
| 200 | 1 | @a哲学笔记@h第一分册@AZHE XUE BI JI@f列宁著@FLie Ning Zhu@g中共中央马恩列斯著作编译局译@Gzhong gong zhong yang ma en lie si zhu zuo bian yi ju yi |
| 210 | @a北京@c中共中央党校出版社@d1990.04 | |
| 215 | @a92页@d26cm | |
| 606 | 0 | @a列字著作@x单行本@z912年4月~1916年 |
| 690 | @aA224@v3 | |
| 701 | 0 | @a列宁@4著 |
| 712 | 0 | @a中共中央马恩列斯著作编译局@Azhong gong zhong yang ma en lie si zhu zuo bian yi ju@4译 |
| 801 | @aCN@bTSTC@c20060728 | |
| 905 | @dA224@e38:1@f1@b249928 | |
| 哲学笔记.第一分册/列宁著/中共中央马恩列斯著作编译局译.-北京:中共中央党校出版社,1990.04 |
| 92页;26cm |
| ISBN : |
| ● |
| 相关链接 |
|
|
|
|
正题名:哲学笔记
索取号:A224/38:1
 
预约/预借
| 序号 | 登录号 | 条形码 | 馆藏地/架位号 | 状态 | 备注 |
| 1 | 0440589 | 204405893 | 密集书库/ [索取号:A224/38:1] | 在馆 |